| 000 | 00000cas 2200000zi 4500 |
| 001 | 9.938425 |
| 003 | CaOODSP |
| 005 | 20251217135421 |
| 006 | m o d f |
| 007 | cr cn |||||||| |
| 008 | 240517c20249999qucar p o f0###b0fre|d |
| 022 | |a2818-3223 |
| 040 | |aCaOODSP|bfre|erda|cCaOODSP |
| 043 | |an-cn--- |
| 086 | 1 |aCH1-50F-PDF |
| 110 | 1 |aCanada. |bBureau de la représentante spéciale chargée de la lutte contre l'islamophobie, |eauteur, |eorganisme de publication. |
| 222 | 0|aRapport public annuel |b(Canada. Bureau de la représentante spéciale du Canada chargée de la lutte contre l'islamophobie) |
| 245 | 10|aRapport public annuel ... / |cBureau de la représentante spéciale du Canada chargée de la lutte contre l'islamophobie. |
| 264 | 1|aGatineau, Québec : |bBureau de la représentante spéciale du Canada chargée de la lutte contre l'islamophobie, |c[2024]- |
| 310 | |aAnnuel |
| 336 | |atexte|btxt|2rdacontent/fre |
| 337 | |ainformatique|bc|2rdamedia/fre |
| 338 | |aressource en ligne|bcr|2rdacarrier/fre |
| 362 | 1 |aParaît depuis : 2023/2024. |
| 500 | |aPublié aussi en anglais sous le titre : Annual public report. |
| 500 | |aChaque livraison comporte un titre distinct. |
| 588 | |aDescription d'après : 2023/2024. |
| 588 | |aDernière livraison consultée : 2023/2024. |
| 610 | 10|aCanada. |bBureau de la représentante spéciale chargée de la lutte contre l'islamophobie |vPériodiques. |
| 650 | 6|aIslamophobie|zCanada|vPériodiques. |
| 650 | 6|aIslamophobie|xPolitique gouvernementale|zCanada|vPériodiques. |
| 650 | 6|aMusulmans|xViolence envers|zCanada|vPériodiques. |
| 655 | 7|aPériodiques|2rvmgf |
| 710 | 1 |aCanada. |bPatrimoine canadien, |eorganisme de publication. |
| 775 | 08|tAnnual public report / |w(CaOODSP)9.938426 |